[Event "Baku Chess Olympiad | Open"]
[Site "chess24.com"]
[Date "2016.09.10"]
[Round "8"]
[White "Song, Raymond"]
[Black "Wynn Zaw Htun"]
[Result "1-0"]
[Board "1"]
[WhiteID "3203824"]
[WhiteElo "2170"]
[WhiteCountry "TPE"]
[WhiteFideId "3203824"]
[WhiteEloChange "16"]
[BlackID "13002783"]
[BlackElo "2407"]
[BlackTitle "IM"]
[BlackCountry "MYA"]
[BlackFideId "13002783"]
[BlackEloChange "-8"]

1. e4 {[%clk 1:30:56]} c5 {[%clk 1:30:35]} 2. Ne2 {[%clk 1:31:21]} d6 {[%clk
1:30:20]} 3. g3 {[%clk 1:31:29]} Nf6 {[%clk 1:28:43]} 4. Bg2 {[%clk 1:31:53]} a6
{[%clk 1:28:58]} 5. c3 {[%clk 1:32:08]} e5 {[%clk 1:23:24]} 6. d4 {[%clk
1:32:22]} Qc7 {[%clk 1:23:50]} 7. O-O {[%clk 1:31:05]} Be7 {[%clk 1:22:50]} 8.
Na3 {[%clk 1:27:13]} b5 {[%clk 1:20:59]} 9. d5 {[%clk 1:27:21]} c4 {[%clk
1:19:51]} 10. Nc2 {[%clk 1:20:18]} Nbd7 {[%clk 1:17:18]} 11. a4 {[%clk 1:17:16]}
bxa4 {[%clk 1:06:12]} 12. Rxa4 {[%clk 1:17:39]} Nc5 {[%clk 1:06:05]} 13. Rxc4
{[%clk 1:16:44]} a5 {[%clk 1:06:30]} 14. b4 {[%clk 1:09:29]} Ba6 {[%clk 1:06:36]}
15. bxc5 {[%clk 1:08:02]} Bxc4 {[%clk 1:06:35]} 16. c6 {[%clk 1:08:09]} Ba6
{[%clk 1:00:24]} 17. Na3 {[%clk 1:04:51]} O-O {[%clk 0:52:39]} 18. c4 {[%clk
1:03:46]} Bd8 {[%clk 0:45:13]} 19. Nc3 {[%clk 0:59:45]} Qb8 {[%clk 0:44:26]} 20.
Nab5 {[%clk 0:53:51]} Ne8 {[%clk 0:35:53]} 21. Ba3 {[%clk 0:53:32]} Be7 {[%clk
0:33:23]} 22. Qd3 {[%clk 0:52:15]} Qd8 {[%clk 0:32:59]} 23. Ra1 {[%clk 0:49:30]}
g6 {[%clk 0:29:45]} 24. Bh3 {[%clk 0:46:35]} Bc8 {[%clk 0:23:17]} 25. Bf1 {[%clk
0:47:00]} f5 {[%clk 0:16:35]} 26. Rd1 {[%clk 0:47:28]} fxe4 {[%clk 0:14:25]} 27.
Nxe4 {[%clk 0:47:55]} Bf5 {[%clk 0:13:26]} 28. c5 {[%clk 0:48:08]} Nf6 {[%clk
0:05:02]} 29. Nxf6+ {[%clk 0:48:28]} Rxf6 {[%clk 0:04:18]} 30. Qc4 {[%clk
0:48:56]} dxc5 {[%clk 0:04:04]} 31. d6+ {[%clk 0:48:56]} Be6 {[%clk 0:04:29]} 32.
Qxc5 {[%clk 0:49:16]} Bf8 {[%clk 0:03:34]} 33. Qxe5 {[%clk 0:49:29]} Bg7 {[%clk
0:03:32]} 34. Bb2 {[%clk 0:49:26]} Bb3 {[%clk 0:02:47]} 35. Rd3 {[%clk 0:46:18]}
Qb6 {[%clk 0:01:36]} 36. Rf3 {[%clk 0:45:36]} Rf7 {[%clk 0:01:41]} 37. Qe3 {[%clk
0:45:27]} Qxc6 {[%clk 0:01:41]} 38. Rxf7 {[%clk 0:41:09]} Bxf7 {[%clk 0:02:05]}
39. Bxg7 {[%clk 0:41:36]} Kxg7 {[%clk 0:00:52]} 40. Bg2 {[%clk 1:12:03]} Qxb5
{[%clk 0:30:52]} 41. Bxa8 {[%clk 1:12:27]} Qd7 {[%clk 0:24:32]} 42. Qc5 {[%clk
1:06:56]} Be8 {[%clk 0:19:00]} 43. Qe5+ {[%clk 1:07:19]} Kh6 {[%clk 0:17:50]} 44.
Qf6 {[%clk 1:07:18]} Bf7 {[%clk 0:17:04]} 45. h4 {[%clk 1:06:22]} a4 {[%clk
0:16:59]} 46. Qf4+ {[%clk 1:06:33]} Kg7 {[%clk 0:17:14]} 47. Qd4+ {[%clk
1:06:51]} Kg8 {[%clk 0:16:42]} 48. Bc6 {[%clk 1:06:55]} Qd8 {[%clk 0:13:57]} 49.
Bxa4 {[%clk 1:07:17]} Be6 {[%clk 0:13:55]} 50. d7 {[%clk 1:07:15]} Kf7 {[%clk
0:13:38]} 51. Qf4+ {[%clk 1:07:39]} Bf5 {[%clk 0:13:36]} 52. Qh6 {[%clk 1:02:19]}
Ke6 {[%clk 0:11:03]} 53. Qxh7 {[%clk 1:02:05]} Qf8 {[%clk 0:10:58]} 54. Bb3+
{[%clk 0:51:18]} Kd6 {[%clk 0:09:41]} 55. h5 {[%clk 0:50:46]} Kc7 {[%clk
0:08:40]} 56. hxg6 {[%clk 0:47:56]} Qb4 {[%clk 0:08:56]} 57. d8Q+ {[%clk
0:47:37]} Kxd8 {[%clk 0:09:06]} 58. Qg8+ {[%clk 0:48:02]} Kc7 {[%clk 0:09:21]}
59. Qf7+ {[%clk 0:48:02]} 1-0

[Event "Baku Chess Olympiad | Open"]
[Site "chess24.com"]
[Date "2016.09.10"]
[Round "8"]
[White "Chavez, Hector Eduardo"]
[Black "Theocharous, Stelios"]
[Result "0-1"]
[Board "3"]
[WhiteID "6700160"]
[WhiteElo "2077"]
[WhiteCountry "ESA"]
[WhiteFideId "6700160"]
[WhiteEloChange "-10"]
[BlackID "5901545"]
[BlackElo "2065"]
[BlackCountry "CYP"]
[BlackFideId "5901545"]
[BlackEloChange "10"]

1. e4 {[%clk 1:30:57]} c5 {[%clk 1:30:57]} 2. Nf3 {[%clk 1:31:22]} Nc6 {[%clk
1:31:24]} 3. d4 {[%clk 1:31:38]} cxd4 {[%clk 1:31:50]} 4. Nxd4 {[%clk 1:32:03]}
Nf6 {[%clk 1:32:16]} 5. Nc3 {[%clk 1:32:27]} e5 {[%clk 1:32:42]} 6. Ndb5 {[%clk
1:32:54]} d6 {[%clk 1:33:08]} 7. Bg5 {[%clk 1:33:19]} a6 {[%clk 1:33:35]} 8. Na3
{[%clk 1:33:44]} b5 {[%clk 1:34:00]} 9. Nd5 {[%clk 1:34:11]} Be7 {[%clk 1:34:25]}
10. Bxf6 {[%clk 1:34:36]} Bxf6 {[%clk 1:34:50]} 11. c4 {[%clk 1:34:59]} b4 {[%clk
1:35:06]} 12. Nc2 {[%clk 1:35:24]} a5 {[%clk 1:35:31]} 13. Be2 {[%clk 1:35:38]}
O-O {[%clk 1:32:17]} 14. O-O {[%clk 1:35:08]} Bg5 {[%clk 1:23:07]} 15. Qd3 {[%clk
1:35:03]} f5 {[%clk 1:21:24]} 16. Bf3 {[%clk 1:35:27]} f4 {[%clk 1:12:29]} 17. a3
{[%clk 1:11:47]} bxa3 {[%clk 1:05:02]} 18. Rxa3 {[%clk 1:12:07]} Rb8 {[%clk
1:04:26]} 19. b3 {[%clk 1:12:20]} Be6 {[%clk 0:49:08]} 20. Rd1 {[%clk 1:12:21]}
Qd7 {[%clk 0:47:09]} 21. Qc3 {[%clk 0:51:10]} Qf7 {[%clk 0:38:27]} 22. Rd3 {[%clk
0:43:56]} Rfd8 {[%clk 0:35:14]} 23. Qd2 {[%clk 0:43:32]} Rb7 {[%clk 0:27:58]} 24.
Qd1 {[%clk 0:39:50]} Qe8 {[%clk 0:22:02]} 25. Bh5 {[%clk 0:33:08]} g6 {[%clk
0:20:24]} 26. Bg4 {[%clk 0:31:49]} Bf7 {[%clk 0:19:49]} 27. g3 {[%clk 0:28:04]}
h5 {[%clk 0:13:24]} 28. h4 {[%clk 0:26:26]} hxg4 {[%clk 0:09:14]} 29. hxg5 {[%clk
0:26:39]} Bxd5 {[%clk 0:09:21]} 30. Rxd5 {[%clk 0:21:19]} Qe6 {[%clk 0:06:50]}
31. gxf4 {[%clk 0:08:34]} exf4 {[%clk 0:07:04]} 32. Nd4 {[%clk 0:08:24]} Qxe4
{[%clk 0:03:25]} 33. Qe2 {[%clk 0:01:52]} Qb1+ {[%clk 0:02:35]} 34. Qf1 {[%clk
0:01:53]} Qxf1+ {[%clk 0:01:54]} 35. Kxf1 {[%clk 0:02:22]} Nxd4 {[%clk 0:01:07]}
36. Rxd4 {[%clk 0:02:47]} f3 {[%clk 0:00:51]} 37. Rxg4 {[%clk 0:01:59]} Rdb8
{[%clk 0:01:02]} 38. Rf4 {[%clk 0:02:05]} Rxb3 {[%clk 0:01:08]} 39. Rxf3 {[%clk
0:02:20]} Rxf3 {[%clk 0:01:12]} 40. Rxf3 {[%clk 0:32:44]} a4 {[%clk 0:30:42]} 41.
Ra3 {[%clk 0:31:32]} Rb4 {[%clk 0:27:33]} 42. Rd3 {[%clk 0:28:55]} Rb6 {[%clk
0:21:26]} 43. Ra3 {[%clk 0:28:09]} Ra6 {[%clk 0:21:49]} 44. Ke2 {[%clk 0:28:31]}
Kf7 {[%clk 0:21:38]} 45. Kd3 {[%clk 0:28:42]} Ke6 {[%clk 0:21:23]} 46. Ke4 {[%clk
0:15:40]} Ra5 {[%clk 0:21:26]} 47. Kd4 {[%clk 0:13:56]} Kf5 {[%clk 0:16:25]} 48.
Kc3 {[%clk 0:12:13]} Kxg5 {[%clk 0:16:39]} 49. Kb4 {[%clk 0:11:59]} Rf5 {[%clk
0:09:54]} 50. Rxa4 {[%clk 0:07:35]} Rxf2 {[%clk 0:09:45]} 51. Ra6 {[%clk
0:08:01]} Rf6 {[%clk 0:08:55]} 52. Kc3 {[%clk 0:07:23]} Kf5 {[%clk 0:07:11]} 53.
Kd4 {[%clk 0:05:42]} g5 {[%clk 0:06:47]} 54. Kd5 {[%clk 0:02:03]} g4 {[%clk
0:05:34]} 55. Rxd6 {[%clk 0:02:02]} Rxd6+ {[%clk 0:03:22]} 56. Kxd6 {[%clk
0:02:31]} g3 {[%clk 0:03:43]} 57. c5 {[%clk 0:02:58]} g2 {[%clk 0:04:10]} 58. c6
{[%clk 0:03:25]} g1Q {[%clk 0:04:31]} 59. c7 {[%clk 0:02:46]} Qg8 {[%clk
0:04:37]} 60. Kd7 {[%clk 0:02:57]} Qd5+ {[%clk 0:05:00]} 61. Ke8 {[%clk 0:02:21]}
Qc6+ {[%clk 0:05:01]} 62. Kd8 {[%clk 0:02:45]} Qd6+ {[%clk 0:05:19]} 63. Kc8
{[%clk 0:03:09]} Ke6 {[%clk 0:05:35]} 64. Kb7 {[%clk 0:03:23]} Qd7 {[%clk
0:05:23]} 65. Kb8 {[%clk 0:03:42]} Qb5+ {[%clk 0:05:47]} 66. Kc8 {[%clk 0:03:01]}
Ke5 {[%clk 0:05:47]} 0-1

[Event "Baku Chess Olympiad | Open"]
[Site "chess24.com"]
[Date "2016.09.10"]
[Round "8"]
[White "Ble, Kouko Hubert"]
[Black "Paiva, Donaldo"]
[Result "*"]
[Board "3"]
[WhiteID "20800088"]
[WhiteElo "1918"]
[WhiteCountry "CIV"]
[WhiteFideId "20800088"]
[BlackID "14800098"]
[BlackElo "2164"]
[BlackTitle "CM"]
[BlackCountry "MOZ"]
[BlackFideId "14800098"]

1. e4 {[%clk 1:30:57]} c5 {[%clk 1:30:55]} 2. Nf3 {[%clk 1:31:18]} d6 {[%clk
1:31:19]} 3. d4 {[%clk 1:31:38]} cxd4 {[%clk 1:31:43]} 4. Nxd4 {[%clk 1:32:00]}
Nf6 {[%clk 1:32:06]} 5. Nc3 {[%clk 1:32:22]} a6 {[%clk 1:32:30]} 6. Be2 {[%clk
1:32:24]} e6 {[%clk 1:32:07]} 7. O-O {[%clk 1:28:43]} Be7 {[%clk 1:32:14]} 8. Be3
{[%clk 1:29:01]} O-O {[%clk 1:32:31]} 9. Qd2 {[%clk 1:28:37]} Qc7 {[%clk
1:32:38]} 10. a4 {[%clk 1:25:06]} b6 {[%clk 1:30:52]} 11. f4 {[%clk 1:25:06]} Bb7
{[%clk 1:31:01]} 12. Bf3 {[%clk 1:24:35]} Nbd7 {[%clk 1:31:19]} 13. Nb3 {[%clk
1:24:32]} Rfd8 {[%clk 1:26:55]} 14. Rad1 {[%clk 1:18:07]} Nc5 {[%clk 1:21:23]}
15. Nxc5 {[%clk 1:11:19]} bxc5 {[%clk 1:21:45]} 16. Rfe1 {[%clk 0:47:28]} d5
{[%clk 1:20:01]} 17. exd5 {[%clk 0:44:39]} exd5 {[%clk 1:20:21]} 18. Bf2 {[%clk
0:44:55]} Ne4 {[%clk 1:12:24]} 19. Bxe4 {[%clk 0:35:06]} dxe4 {[%clk 1:12:37]}
20. Qe3 {[%clk 0:35:06]} f5 {[%clk 1:12:53]} 21. b3 {[%clk 0:30:15]} Bf6 {[%clk
0:58:09]} 22. Ne2 {[%clk 0:30:34]} Rxd1 {[%clk 0:53:31]} 23. Rxd1 {[%clk
0:30:59]} Rd8 {[%clk 0:53:57]} 24. Rd2 {[%clk 0:22:36]} c4 {[%clk 0:40:49]} 25.
Qc5 {[%clk 0:10:29]} Qxc5 {[%clk 0:40:48]} 26. Rxd8+ {[%clk 0:10:34]} Bxd8 {[%clk
0:41:10]} 27. Bxc5 {[%clk 0:10:50]} cxb3 {[%clk 0:36:34]} 28. cxb3 {[%clk
0:10:14]} Kf7 {[%clk 0:35:48]} 29. Nd4 {[%clk 0:09:02]} g6 {[%clk 0:36:09]} 30.
g3 {[%clk 0:09:21]} Bf6 {[%clk 0:30:44]} 31. b4 {[%clk 0:07:22]} Bxd4+ {[%clk
0:30:37]} 32. Bxd4 {[%clk 0:07:51]} Bc6 {[%clk 0:30:58]} 33. b5 {[%clk 0:05:46]}
axb5 {[%clk 0:31:17]} 34. axb5 {[%clk 0:05:36]} Bxb5 {[%clk 0:31:36]} 35. h4
{[%clk 0:05:37]} Ke6 {[%clk 0:31:59]} 36. Kf2 {[%clk 0:05:50]} Kd5 {[%clk
0:32:20]} 37. Ba7 {[%clk 0:05:41]} Kc4 {[%clk 0:32:34]} 38. Be3 {[%clk 0:06:09]}
Kd3 {[%clk 0:32:15]} *

[Event "Baku Chess Olympiad | Open"]
[Site "chess24.com"]
[Date "2016.09.10"]
[Round "8"]
[White "Yahi Mohamed Salem"]
[Black "Lorne, Malaku"]
[Result "0-1"]
[Board "2"]
[WhiteID "19600160"]
[WhiteElo "1852"]
[WhiteTitle "CM"]
[WhiteCountry "MTN"]
[WhiteFideId "19600160"]
[WhiteEloChange "-3"]
[BlackID "7400330"]
[BlackElo "2161"]
[BlackTitle "FM"]
[BlackCountry "JAM"]
[BlackFideId "7400330"]
[BlackEloChange "3"]

1. d4 {[%clk 1:30:52]} Nf6 {[%clk 1:30:43]} 2. Nf3 {[%clk 1:31:09]} d5 {[%clk
1:30:55]} 3. g3 {[%clk 1:31:19]} c5 {[%clk 1:30:48]} 4. dxc5 {[%clk 1:29:20]}
Qa5+ {[%clk 1:30:32]} 5. Nc3 {[%clk 1:29:12]} e6 {[%clk 1:29:36]} 6. Bg2 {[%clk
1:29:12]} Bxc5 {[%clk 1:29:39]} 7. O-O {[%clk 1:29:24]} O-O {[%clk 1:29:37]} 8.
a3 {[%clk 1:29:30]} Nc6 {[%clk 1:29:09]} 9. Bg5 {[%clk 1:26:22]} Be7 {[%clk
1:28:00]} 10. Re1 {[%clk 1:25:46]} Rd8 {[%clk 1:27:40]} 11. e3 {[%clk 1:21:11]}
Qb6 {[%clk 1:21:41]} 12. b4 {[%clk 1:20:30]} h6 {[%clk 1:20:45]} 13. Bf4 {[%clk
1:15:39]} Ne4 {[%clk 1:18:20]} 14. Qd3 {[%clk 1:09:46]} Bf6 {[%clk 1:09:12]} 15.
Na4 {[%clk 1:07:57]} Qa6 {[%clk 1:09:06]} 16. Qxa6 {[%clk 1:04:06]} bxa6 {[%clk
1:09:26]} 17. Nd4 {[%clk 1:04:05]} Nxd4 {[%clk 1:08:01]} 18. exd4 {[%clk
1:04:18]} Bxd4 {[%clk 1:07:35]} 19. Rad1 {[%clk 1:04:07]} Bxf2+ {[%clk 1:07:01]}
20. Kf1 {[%clk 1:03:31]} Bxe1 {[%clk 1:07:00]} 21. Bxe4 {[%clk 1:03:33]} Bd7
{[%clk 1:07:01]} 22. Nc5 {[%clk 1:02:25]} dxe4 {[%clk 1:06:11]} 23. Kxe1 {[%clk
1:00:36]} Bc6 {[%clk 1:05:50]} 24. Rc1 {[%clk 1:00:35]} a5 {[%clk 1:05:24]} 25.
c4 {[%clk 0:59:56]} axb4 {[%clk 1:04:05]} 26. axb4 {[%clk 1:00:04]} Rac8 {[%clk
0:54:51]} 27. Be3 {[%clk 0:59:26]} e5 {[%clk 0:53:15]} 28. Ra1 {[%clk 0:57:57]}
Rc7 {[%clk 0:52:07]} 29. Ra5 {[%clk 0:55:48]} Ba8 {[%clk 0:50:47]} 30. Ke2 {[%clk
0:54:11]} Kh7 {[%clk 0:48:30]} 31. h4 {[%clk 0:52:46]} Rd6 {[%clk 0:48:08]} 32.
Ra1 {[%clk 0:51:55]} f5 {[%clk 0:47:45]} 33. b5 {[%clk 0:47:15]} Rf6 {[%clk
0:44:39]} 34. Rg1 {[%clk 0:46:36]} f4 {[%clk 0:37:51]} 35. gxf4 {[%clk 0:46:58]}
exf4 {[%clk 0:38:07]} 36. Bd4 {[%clk 0:46:14]} Rg6 {[%clk 0:37:26]} 37. Rxg6
{[%clk 0:44:37]} Kxg6 {[%clk 0:37:30]} 38. Kd2 {[%clk 0:44:39]} Kf5 {[%clk
0:37:13]} 39. Kc3 {[%clk 0:44:39]} e3 {[%clk 0:36:46]} 40. Kd3 {[%clk 1:12:04]}
g5 {[%clk 1:03:56]} 41. hxg5 {[%clk 1:07:26]} hxg5 {[%clk 1:04:12]} 42. Kc3
{[%clk 1:04:10]} g4 {[%clk 0:58:07]} 43. Nb3 {[%clk 1:00:19]} g3 {[%clk 0:58:09]}
44. Nc1 {[%clk 0:53:21]} Bf3 {[%clk 0:58:16]} 45. Be5 {[%clk 0:53:21]} Kxe5
{[%clk 0:58:16]} 0-1

[Event "Baku Chess Olympiad | Open"]
[Site "chess24.com"]
[Date "2016.09.10"]
[Round "8"]
[White "Moncur, Cecil"]
[Black "Monnaatsheko, Keletshabile"]
[Result "0-1"]
[Board "4"]
[WhiteID "10400583"]
[WhiteElo "1869"]
[WhiteTitle "CM"]
[WhiteCountry "BAH"]
[WhiteFideId "10400583"]
[WhiteEloChange "-7"]
[BlackID "11302941"]
[BlackElo "1988"]
[BlackCountry "BOT"]
[BlackFideId "11302941"]
[BlackEloChange "7"]

1. d4 {[%clk 1:30:50]} d5 {[%clk 1:30:16]} 2. c4 {[%clk 1:31:16]} c6 {[%clk
1:30:40]} 3. cxd5 {[%clk 1:31:33]} cxd5 {[%clk 1:31:01]} 4. Nc3 {[%clk 1:31:51]}
Nf6 {[%clk 1:30:14]} 5. Bf4 {[%clk 1:32:11]} Nc6 {[%clk 1:29:39]} 6. e3 {[%clk
1:32:27]} Qb6 {[%clk 1:26:12]} 7. a3 {[%clk 1:32:35]} Bf5 {[%clk 1:25:07]} 8. b4
{[%clk 1:28:16]} Qd8 {[%clk 1:06:46]} 9. Nf3 {[%clk 1:24:07]} e6 {[%clk 1:06:12]}
10. Ne5 {[%clk 1:23:53]} Nxe5 {[%clk 1:00:54]} 11. Bxe5 {[%clk 1:23:23]} a6
{[%clk 0:50:49]} 12. Bxf6 {[%clk 1:21:39]} gxf6 {[%clk 0:50:02]} 13. Bd3 {[%clk
1:16:40]} Bxd3 {[%clk 0:46:48]} 14. Qxd3 {[%clk 1:16:56]} f5 {[%clk 0:46:56]} 15.
g3 {[%clk 1:14:03]} Be7 {[%clk 0:40:08]} 16. Na4 {[%clk 1:08:05]} O-O {[%clk
0:33:06]} 17. O-O {[%clk 1:04:53]} Qe8 {[%clk 0:22:47]} 18. Nc5 {[%clk 1:04:09]}
Ra7 {[%clk 0:18:37]} 19. Rfc1 {[%clk 1:02:50]} Qb5 {[%clk 0:15:57]} 20. Qxb5
{[%clk 0:53:35]} axb5 {[%clk 0:16:24]} 21. Nd3 {[%clk 0:53:42]} Bd6 {[%clk
0:16:12]} 22. Rc3 {[%clk 0:48:06]} Rfa8 {[%clk 0:15:59]} 23. Kf1 {[%clk 0:47:34]}
f6 {[%clk 0:12:24]} 24. f4 {[%clk 0:46:56]} Kf7 {[%clk 0:12:28]} 25. Ke2 {[%clk
0:46:35]} h5 {[%clk 0:11:49]} 26. Kd2 {[%clk 0:44:16]} h4 {[%clk 0:11:29]} 27.
Kc2 {[%clk 0:42:09]} hxg3 {[%clk 0:10:08]} 28. hxg3 {[%clk 0:42:23]} Rg8 {[%clk
0:10:03]} 29. Rg1 {[%clk 0:42:34]} b6 {[%clk 0:10:15]} 30. Kb2 {[%clk 0:42:20]}
Rc7 {[%clk 0:08:37]} 31. Nf2 {[%clk 0:39:48]} Rxc3 {[%clk 0:07:20]} 32. Kxc3
{[%clk 0:40:17]} e5 {[%clk 0:07:35]} 33. Nd3 {[%clk 0:39:20]} Rc8+ {[%clk
0:07:33]} 34. Kd2 {[%clk 0:37:13]} e4 {[%clk 0:04:10]} 35. Ne1 {[%clk 0:36:44]}
Rg8 {[%clk 0:03:45]} 36. Kc2 {[%clk 0:35:51]} Kg6 {[%clk 0:03:18]} 37. Rh1 {[%clk
0:34:37]} Rg7 {[%clk 0:02:26]} 38. Kd2 {[%clk 0:33:59]} Ra7 {[%clk 0:01:01]} 39.
Nc2 {[%clk 0:34:26]} Kg7 {[%clk 0:00:51]} 40. Rh4 {[%clk 1:04:01]} Rxa3 {[%clk
0:30:40]} 41. Nxa3 {[%clk 1:03:40]} Bxb4+ {[%clk 0:31:06]} 42. Kc2 {[%clk
1:03:30]} Bxa3 {[%clk 0:31:34]} 43. Rh5 {[%clk 1:02:02]} Kg6 {[%clk 0:30:34]} 44.
Rh8 {[%clk 1:02:21]} b4 {[%clk 0:21:12]} 45. Rd8 {[%clk 1:02:13]} b3+ {[%clk
0:21:35]} 46. Kxb3 {[%clk 1:00:32]} Bc1 {[%clk 0:21:56]} 47. Rxd5 {[%clk
1:00:42]} Bxe3 {[%clk 0:22:20]} 48. Rd8 {[%clk 1:00:41]} Bf2 {[%clk 0:22:06]} 49.
Kc2 {[%clk 1:01:02]} Kf7 {[%clk 0:20:44]} 50. Rd6 {[%clk 0:57:26]} Bxg3 {[%clk
0:13:22]} 51. Rxb6 {[%clk 0:55:09]} Bxf4 {[%clk 0:13:04]} 52. d5 {[%clk 0:54:58]}
Be5 {[%clk 0:09:40]} 53. Re6 {[%clk 0:54:18]} f4 {[%clk 0:07:18]} 54. Kd2 {[%clk
0:53:16]} f3 {[%clk 0:06:27]} 55. Ke3 {[%clk 0:51:54]} Bd4+ {[%clk 0:03:35]} 56.
Kd2 {[%clk 0:49:11]} f5 {[%clk 0:03:39]} 57. Ke1 {[%clk 0:46:15]} e3 {[%clk
0:02:38]} 58. Kf1 {[%clk 0:46:09]} e2+ {[%clk 0:01:14]} 59. Ke1 {[%clk 0:46:36]}
Bc3+ {[%clk 0:00:41]} 60. Kf2 {[%clk 0:46:12]} Bd2 {[%clk 0:00:46]} 61. Re5
{[%clk 0:45:07]} f4 {[%clk 0:00:36]} 62. d6 {[%clk 0:44:13]} Be3+ {[%clk
0:00:47]} 63. Ke1 {[%clk 0:44:28]} Bd4 {[%clk 0:00:55]} 64. Rf5+ {[%clk 0:42:08]}
Ke6 {[%clk 0:00:50]} 65. Rxf4 {[%clk 0:42:29]} Bc3+ {[%clk 0:01:01]} 66. Kf2
{[%clk 0:41:48]} e1Q+ {[%clk 0:01:22]} 67. Kxf3 {[%clk 0:41:56]} Qh1+ {[%clk
0:01:27]} 0-1

[Event "Baku Chess Olympiad | Open"]
[Site "chess24.com"]
[Date "2016.09.10"]
[Round "8"]
[White "Kigigha, Bomo"]
[Black "Wojciechowski, Paul"]
[Result "*"]
[Board "1"]
[WhiteID "8500037"]
[WhiteElo "2340"]
[WhiteTitle "FM"]
[WhiteCountry "NGR"]
[WhiteFideId "8500037"]
[BlackID "15600017"]
[BlackElo "1992"]
[BlackTitle "CM"]
[BlackCountry "JCI"]
[BlackFideId "15600017"]

1. c4 {[%clk 1:30:58]} Nf6 {[%clk 1:30:54]} 2. Nc3 {[%clk 1:31:24]} g6 {[%clk
1:31:16]} 3. g3 {[%clk 1:31:49]} Bg7 {[%clk 1:31:37]} 4. Bg2 {[%clk 1:32:15]} c5
{[%clk 1:31:28]} 5. Nf3 {[%clk 1:32:39]} O-O {[%clk 1:31:52]} 6. d4 {[%clk
1:33:07]} cxd4 {[%clk 1:27:27]} 7. Nxd4 {[%clk 1:28:09]} Nc6 {[%clk 1:27:09]} 8.
Nc2 {[%clk 1:28:24]} d6 {[%clk 1:23:12]} 9. O-O {[%clk 1:28:41]} Bd7 {[%clk
1:22:08]} 10. Bd2 {[%clk 1:27:19]} Qc8 {[%clk 1:19:09]} 11. Rc1 {[%clk 1:25:49]}
Bh3 {[%clk 1:17:54]} 12. b3 {[%clk 1:23:59]} Bxg2 {[%clk 1:12:49]} 13. Kxg2
{[%clk 1:23:42]} Rd8 {[%clk 1:08:59]} 14. e4 {[%clk 1:21:25]} Qe6 {[%clk
0:58:44]} 15. f3 {[%clk 1:19:00]} Rac8 {[%clk 0:57:07]} 16. Nd5 {[%clk 1:16:04]}
Qd7 {[%clk 0:50:51]} 17. Bg5 {[%clk 1:06:02]} Nxd5 {[%clk 0:46:30]} 18. exd5
{[%clk 1:06:02]} Ne5 {[%clk 0:45:43]} 19. f4 {[%clk 1:01:53]} f6 {[%clk 0:19:42]}
20. fxe5 {[%clk 1:02:11]} fxg5 {[%clk 0:20:04]} 21. e6 {[%clk 1:02:36]} Qc7
{[%clk 0:19:21]} 22. Qd2 {[%clk 0:57:59]} Bf6 {[%clk 0:16:59]} 23. Nd4 {[%clk
0:52:18]} Kg7 {[%clk 0:15:07]} 24. Nf3 {[%clk 0:44:38]} h6 {[%clk 0:15:16]} 25.
h4 {[%clk 0:41:06]} g4 {[%clk 0:12:28]} 26. Nd4 {[%clk 0:38:08]} Rf8 {[%clk
0:12:46]} 27. h5 {[%clk 0:37:02]} Qc5 {[%clk 0:08:53]} 28. Ne2 {[%clk 0:35:28]}
gxh5 {[%clk 0:06:48]} 29. Nf4 {[%clk 0:33:01]} Bg5 {[%clk 0:02:11]} 30. Nxh5+
{[%clk 0:33:21]} Kh8 {[%clk 0:02:26]} 31. Qc3+ {[%clk 0:33:38]} Bf6 {[%clk
0:02:31]} 32. Nxf6 {[%clk 0:33:47]} exf6 {[%clk 0:02:57]} 33. Rxf6 {[%clk
0:34:07]} Rxf6 {[%clk 0:02:48]} 34. Qxf6+ {[%clk 0:34:32]} Kh7 {[%clk 0:03:15]}
35. Re1 {[%clk 0:31:42]} *

[Event "Baku Chess Olympiad | Open"]
[Site "chess24.com"]
[Date "2016.09.10"]
[Round "8"]
[White "Phillips, Roy"]
[Black "Seijp V/d, Quintin"]
[Result "*"]
[Board "1"]
[WhiteID "404136"]
[WhiteElo "2234"]
[WhiteTitle "FM"]
[WhiteCountry "MRI"]
[WhiteFideId "404136"]
[BlackID "15900428"]
[BlackElo "1924"]
[BlackCountry "ARU"]
[BlackFideId "15900428"]

1. c4 {[%clk 1:30:55]} e6 {[%clk 1:30:46]} 2. d4 {[%clk 1:31:06]} d5 {[%clk
1:31:10]} 3. Nc3 {[%clk 1:31:32]} Nf6 {[%clk 1:31:37]} 4. cxd5 {[%clk 1:31:58]}
exd5 {[%clk 1:32:01]} 5. Bg5 {[%clk 1:32:23]} Nbd7 {[%clk 1:32:00]} 6. e3 {[%clk
1:32:35]} Be7 {[%clk 1:32:24]} 7. Qc2 {[%clk 1:31:29]} c6 {[%clk 1:32:12]} 8. Bd3
{[%clk 1:31:37]} h6 {[%clk 1:32:28]} 9. Bh4 {[%clk 1:31:44]} O-O {[%clk 1:32:51]}
10. Nge2 {[%clk 1:30:01]} Re8 {[%clk 1:31:36]} 11. O-O {[%clk 1:28:00]} Ne4
{[%clk 1:24:53]} 12. Bxe7 {[%clk 1:15:07]} Qxe7 {[%clk 1:23:51]} 13. Bxe4 {[%clk
1:14:36]} dxe4 {[%clk 1:23:33]} 14. Rab1 {[%clk 1:14:21]} f5 {[%clk 1:05:51]} 15.
Na4 {[%clk 0:54:38]} Nb6 {[%clk 0:53:15]} 16. b4 {[%clk 0:37:26]} Be6 {[%clk
0:43:30]} 17. Nf4 {[%clk 0:35:42]} Nxa4 {[%clk 0:35:11]} 18. Nxe6 {[%clk
0:29:01]} Qxe6 {[%clk 0:32:52]} 19. Qxa4 {[%clk 0:29:30]} a6 {[%clk 0:27:19]} 20.
Qc2 {[%clk 0:23:21]} g5 {[%clk 0:16:49]} 21. f3 {[%clk 0:14:20]} Rad8 {[%clk
0:13:22]} 22. Rb3 {[%clk 0:08:48]} Rd5 {[%clk 0:09:36]} 23. f4 {[%clk 0:04:36]}
Qd6 {[%clk 0:06:37]} 24. Rb2 {[%clk 0:03:14]} gxf4 {[%clk 0:06:43]} 25. Rxf4
{[%clk 0:03:29]} Rxd4 {[%clk 0:05:46]} 26. Rxf5 {[%clk 0:02:19]} Rxb4 {[%clk
0:05:01]} 27. h3 {[%clk 0:01:16]} Rf8 {[%clk 0:02:54]} 28. Rxf8+ {[%clk 0:00:51]}
Qxf8 {[%clk 0:02:59]} 29. Rxb4 {[%clk 0:01:07]} Qxb4 {[%clk 0:03:27]} 30. Qf2
{[%clk 0:01:27]} Qc3 {[%clk 0:02:09]} *